00677nam a2200181 a 4500008004100000020001500041050001500056100001900071245009300090260005100183300001500234350000900249500009000258650001100348650005200359650006100411700002300472120416s1996 ||||||||||||||||| || u a0309056268 aHB 884 Dat aPebley, Anne R10aData priorities for population and health in developing countries: summary of a workshop aWashington, DC :bNational Academy Pressc1996 avii, 29 p. a0.00 a'Workshop organized by the Committee on Population, National Research Council'--p. 1. aHEALTH aPUBLIC HEALTH--DEVELOPING COUNTRIES--EVALUATION aPUBLIC HEALTH--DEVELOPING COUNTRIES--STATISTICAL METHODS aMalanick, Cheryl E